| 000 | 00501nam a2200193Ia 4500 | ||
|---|---|---|---|
| 005 | 20230811160345.0 | ||
| 008 | 131103s9999 xx 000 0 und d | ||
| 040 | _aLoreto College | ||
| 041 | _aEnglish | ||
| 082 |
_a920 _bHAT |
||
| 100 | _aHathaway,Sibyl | ||
| 245 |
_aDame of Sark _b An autobiography _cSibyl Hathaway |
||
| 260 |
_aLondon _bHeinemann _c1961 |
||
| 300 |
_a211 p. _b illus. |
||
| 650 | _aHathaway,Sibyl-Autobiography | ||
| 651 | _aAutobiography | ||
| 850 | _aLCLIB | ||
| 942 | _cBK | ||
| 999 |
_c12281 _d62760 |
||